000 00497nam a2200193Ia 4500
005 20250326142234.0
008 250326s9999 xx 000 0 und d
037 _aTextbook
040 _aFMSL
_beng
_cFMSL
041 _aeng
_2eng
084 _qFMSL
100 _aChandra P
_9659734
245 0 _aFundamentals of ficial management
_cChandra P
250 _aEd 2
260 _aNew Delhi
_bNew Delhi, Tata McGraw Hill
_c1993
300 _a590p
942 _cTB
999 _c1294081
_d1294081